Juris International =

Bibliographic Details
Format: Book
Published: [S.l]: International Trade Centre [ITC], [199-].
Subjects:
LEADER 00534cam a2200145 7i4500
001 0000008040
005 20041008090000.0
090 0 0 |a CD 341.753   |b JUR (I) 
245 0 0 |a Juris International =   |l Juris internacional. 
260 0 0 |a [S.l]:   |b International Trade Centre [ITC],   |c [199-]. 
300 # # |a Electronic computer optical disc (CD-ROM). 
650 0 0 |a Business law  
650 0 0 |a Dispute resolution (Law)  
999 |a CDR000271H  |b CD-ROM  |c AV Collection  |e Business Information Centre 
999 |a 0000011823  |b CD-ROM  |c AV Collection  |e Business Information Centre